Rozpoznaj aktorki i aktorów po zdjęciu #2 - Statystyki

Ogólne statystyki
  • Ten quiz został rozwiązany 381 razy
  • Średni wynik to 9 z 16
Statystyki odpowiedzi
Obrazkowy Odpowiedź % Poprawnych
Jerzy Stuhr
78%
Tom Hanks
78%
Artur Barciś
74%
Tom Cruise
72%
Margot Robbie
69%
Agnieszka Dygant
65%
Robert De Niro
62%
Franciszek Pieczka
60%
Michał Milowicz
56%
Cameron Diaz
53%
Janusz Chabior
48%
Ben Affleck
46%
Tom Hardy
46%
Whoopi Goldberg
43%
Alan Rickman
38%
Magdalena Różczka
35%
Nie znaleziono quizów pasujących do podanych kryteriów
Rozkład punktacji
Procent ludzi z każdym wynikiem
Percentyl według liczby udzielonych odpowiedzi
Twoja historia wyników
Nie rozwiązałeś tego quizu